[Event "Balatonlelle op"]
[Site "Balatonlelle"]
[Date "2006.06.25"]
[Round "9"]
[White "Farago, Ivan"]
[Black "Czebe, Attila"]
[Result "1-0"]
[WhiteElo "2534"]
[BlackElo "2505"]
[PlyCount "93"]
[EventDate "2006.06.17"]
[EventType "swiss"]
[EventRounds "9"]
[EventCountry "HUN"]
[Source "ChessBase"]
[SourceDate "2006.07.14"]

1. d4 Nf6 2. c4 e6 3. Nc3 Bb4 4. Qc2 O-O 5. a3 Bxc3+ 6. Qxc3 b5 7. cxb5 c6 8.
Bg5 cxb5 9. e3 Bb7 10. f3 a6 11. Bd3 h6 12. Bh4 Nc6 13. Ne2 Rc8 14. Qd2 Ne4 15.
Bxd8 Nxd2 16. Kxd2 Rfxd8 17. b4 Ne7 18. a4 Nd5 19. axb5 axb5 20. Rhb1 Bc6 21.
e4 Nb6 22. Nc3 d5 23. e5 Nc4+ 24. Bxc4 dxc4 25. Ke3 Ra8 26. Ra5 Rxa5 27. bxa5
Ra8 28. Nxb5 Rxa5 29. Nc3 Ra3 30. Kd2 g5 31. Rb6 Bd5 32. Rb5 Ra1 33. Nxd5 exd5
34. Rxd5 Ra2+ 35. Ke3 Rxg2 36. Rc5 Rxh2 37. d5 Rh1 38. d6 Rd1 39. Ke4 c3 40.
Rxc3 h5 41. Kf5 h4 42. Kxg5 h3 43. Rc2 Kg7 44. Kf5 Rd4 45. Rh2 Rh4 46. f4 f6
47. d7 1-0

[Event "Las Vegas National op"]
[Site "Las Vegas"]
[Date "2006.06.18"]
[Round "5"]
[White "Golod, Vitali"]
[Black "De Firmian, Nick E"]
[Result "1/2-1/2"]
[WhiteElo "2571"]
[BlackElo "2560"]
[PlyCount "83"]
[EventDate "2006.06.16"]
[EventType "swiss"]
[EventRounds "6"]
[EventCountry "USA"]
[Source "ChessBase"]
[SourceDate "2006.07.14"]

1. d4 Nf6 2. c4 e6 3. Nc3 Bb4 4. Qc2 d5 5. cxd5 exd5 6. Bg5 c5 7. dxc5 h6 8.
Bxf6 Qxf6 9. e3 O-O 10. Nge2 Be6 11. a3 Bxc5 12. Nf4 Qe5 13. Rd1 d4 14. Qe4
Qxe4 15. Nxe4 Bb6 16. Nxe6 fxe6 17. exd4 Nc6 18. d5 exd5 19. Rxd5 Rfe8 20. f3
Ne5 21. Bb5 Rad8 22. Rxd8 Rxd8 23. Ke2 a6 24. Ba4 Nd3 25. Rd1 Nxb2 26. Bb3+ Kf8
27. Rd2 Rxd2+ 28. Kxd2 Bd4 29. Kc2 b5 30. Nc3 Nc4 31. Bxc4 bxc4 32. Ne4 Ke7 33.
Nd2 Bg1 34. h3 Ke6 35. Nxc4 Kf5 36. Kd3 Kf4 37. Ke2 Bc5 38. a4 Kg3 39. Kf1 Kf4
40. Ke2 Kg3 41. Kf1 Kf4 42. Ke2 1/2-1/2

[Event "Nezhmetdinov mem 28th"]
[Site "Kazan"]
[Date "2006.06.03"]
[Round "3"]
[White "Bocharov, Dmitry"]
[Black "Iljin, Artem"]
[Result "1-0"]
[WhiteElo "2559"]
[BlackElo "2505"]
[PlyCount "71"]
[EventDate "2006.06.01"]
[EventType "swiss"]
[EventRounds "9"]
[EventCountry "RUS"]
[Source "ChessBase"]
[SourceDate "2006.07.14"]

1. d4 Nf6 2. c4 e6 3. Nc3 Bb4 4. Qc2 O-O 5. a3 Bxc3+ 6. Qxc3 b6 7. Nf3 Bb7 8.
e3 d6 9. Be2 Ne4 10. Qc2 Ng5 11. h4 Nxf3+ 12. gxf3 Qf6 13. Rh3 e5 14. dxe5 dxe5
15. Bd2 Nc6 16. O-O-O Bc8 17. Rg3 Bf5 18. Qa4 a6 19. Bc3 Rfb8 20. Rdg1 g6 21.
Qd1 Rd8 22. Qf1 Na5 23. b4 Nb3+ 24. Kb2 Nd4 25. Bd1 Nc6 26. h5 a5 27. hxg6 hxg6
28. b5 Nb4 29. Be2 Nd3+ 30. Bxd3 Rxd3 31. e4 Qd6 32. exf5 Rxc3 33. Rxg6+ fxg6
34. Rxg6+ Qxg6 35. fxg6 Rxf3 36. Qh1 1-0

[Event "Nezhmetdinov mem 28th"]
[Site "Kazan"]
[Date "2006.06.06"]
[Round "6"]
[White "Kornev, Alexei"]
[Black "Bocharov, Dmitry"]
[Result "0-1"]
[WhiteElo "2575"]
[BlackElo "2559"]
[PlyCount "74"]
[EventDate "2006.06.01"]
[EventType "swiss"]
[EventRounds "9"]
[EventCountry "RUS"]
[Source "ChessBase"]
[SourceDate "2006.07.14"]

1. d4 Nf6 2. c4 e6 3. Nc3 Bb4 4. Qc2 c5 5. dxc5 Qc7 6. Nf3 Bxc5 7. g3 a6 8. Bf4
d6 9. Bg2 h6 10. O-O e5 11. Bd2 Be6 12. Rac1 Nc6 13. b3 Rc8 14. Qb1 Qd7 15. e4
Bg4 16. Nd5 Nxd5 17. cxd5 Ne7 18. Qd3 O-O 19. Be3 Bxe3 20. Qxe3 f5 21. Nd2 f4
22. Qd3 b5 23. a4 Ng6 24. axb5 axb5 25. Rxc8 Rxc8 26. Ra1 Qb7 27. Bf1 Bd7 28.
b4 Qb6 29. Nb3 Rf8 30. Ra2 h5 31. Na5 Qd8 32. Nc6 Qg5 33. Ra7 fxg3 34. hxg3 Bg4
35. Qxb5 h4 36. Ra3 Bf3 37. Rxf3 Rxf3 0-1

[Event "Ilyumzhinov Cup"]
[Site "Internet"]
[Date "2006.05.06"]
[Round "?"]
[White "Grachev, Boris"]
[Black "Shaposhnikov, Evgeny"]
[Result "1/2-1/2"]
[WhiteElo "2543"]
[BlackElo "2538"]
[PlyCount "98"]
[EventDate "2006.05.06"]
[EventType "swiss (blitz)"]
[EventRounds "13"]
[EventCountry "RUS"]
[Source "ChessBase"]
[SourceDate "2006.07.14"]

1. d4 Nf6 2. c4 e6 3. Nc3 Bb4 4. Qc2 c5 5. dxc5 O-O 6. a3 Bxc5 7. Nf3 b6 8. g3
Bb7 9. Bg2 Nc6 10. O-O Rc8 11. Bf4 d5 12. Rad1 Qe7 13. b4 Bd6 14. Bxd6 Qxd6 15.
cxd5 exd5 16. Qd3 Ne5 17. Nxe5 Qxe5 18. Nb5 Ba6 19. a4 Rc4 20. Na3 Rc3 21. Qxa6
Rxa3 22. Qxa7 Qxe2 23. Qxb6 Rxa4 24. Bxd5 Nxd5 25. Rxd5 Raa8 26. Qd4 Rab8 27.
Rg5 g6 28. Re5 Qc2 29. Rfe1 Qb3 30. R5e4 Rb7 31. h4 h5 32. R1e3 Qb1+ 33. Re1
Qb3 34. Kh2 Qc2 35. R1e2 Qb3 36. R2e3 Qc2 37. Kg2 Qb1 38. Re8 Qxb4 39. Qf6 Rb8
40. R8e4 Qb6 41. Qg5 Qb7 42. Kh2 Rbd8 43. g4 Rd5 44. Re5 Rxe5 45. Rxe5 Qf3 46.
gxh5 Qxf2+ 47. Qg2 Qf4+ 48. Qg3 Qxg3+ 49. Kxg3 gxh5 1/2-1/2

[Event "Ilyumzhinov Cup"]
[Site "Internet"]
[Date "2006.05.06"]
[Round "?"]
[White "Grachev, Boris"]
[Black "Vasquez, Rodrigo Rafael"]
[Result "0-1"]
[WhiteElo "2543"]
[BlackElo "2519"]
[PlyCount "96"]
[EventDate "2006.05.06"]
[EventType "swiss (blitz)"]
[EventRounds "13"]
[EventCountry "RUS"]
[Source "ChessBase"]
[SourceDate "2006.07.14"]

1. d4 Nf6 2. c4 e6 3. Nc3 Bb4 4. Qc2 c5 5. dxc5 Bxc5 6. Nf3 Qb6 7. e3 Be7 8. b3
d6 9. Bb2 a6 10. Bd3 Qc7 11. g4 h6 12. Rg1 Nbd7 13. O-O-O Nc5 14. Be2 b6 15. h4
Bb7 16. g5 hxg5 17. hxg5 Nfe4 18. Nxe4 Bxe4 19. Qc3 e5 20. Nd2 Bg6 21. f4 Rh2
22. Rde1 O-O-O 23. Rh1 Rdh8 24. Rxh2 Rxh2 25. Bg4+ Kb8 26. f5 Bh5 27. Bxh5 Rxh5
28. f6 gxf6 29. gxf6 Bxf6 30. Qc2 Bg5 31. Kb1 Rh2 32. Bc3 e4 33. Qd1 f5 34. Nf1
Rg2 35. Re2 Rg1 36. Re1 Nd3 37. Re2 b5 38. Rh2 bxc4 39. b4 Qc6 40. Qe2 d5 41.
Rh8+ Kb7 42. Rh7+ Kc8 43. Rh8+ Bd8 44. Rh2 Qg6 45. Kc2 Qg4 46. Qxg4 fxg4 47.
Nd2 g3 48. Be5 Rc1# 0-1

[Event "Ilyumzhinov Cup"]
[Site "Internet"]
[Date "2006.05.06"]
[Round "?"]
[White "Kharitonov, Alexandr"]
[Black "Ovetchkin, Roman"]
[Result "1-0"]
[WhiteElo "2523"]
[BlackElo "2548"]
[PlyCount "73"]
[EventDate "2006.05.06"]
[EventType "swiss (blitz)"]
[EventRounds "13"]
[EventCountry "RUS"]
[Source "ChessBase"]
[SourceDate "2006.07.14"]

1. d4 Nf6 2. c4 e6 3. Nc3 Bb4 4. Qc2 d5 5. cxd5 exd5 6. Bg5 c5 7. dxc5 h6 8.
Bxf6 Qxf6 9. e3 Nc6 10. Nge2 Bf5 11. Qb3 O-O-O 12. O-O-O Bh7 13. Nf4 d4 14.
Ncd5 Rxd5 15. Nxd5 Qxf2 16. Bd3 dxe3 17. Nxb4 e2 18. Bxe2 Qxe2 19. Nxc6 bxc6
20. Rd2 Qe5 21. Qc3 Qf5 22. Qc2 Qxc2+ 23. Rxc2 Bxc2 24. Kxc2 Re8 25. Kd3 Re5
26. b4 f5 27. Rf1 g5 28. a3 f4 29. g3 Re3+ 30. Kd4 Rxa3 31. gxf4 gxf4 32. Rxf4
Rh3 33. Rf8+ Kb7 34. Rf7+ Kc8 35. Ke5 Rxh2 36. Kd6 Rb2 37. Kxc6 1-0

[Event "Baku President's Cup"]
[Site "Baku"]
[Date "2006.05.10"]
[Round "7"]
[White "Ibrahimov, Rasul"]
[Black "Mamedyarov, Shakhriyar"]
[Result "0-1"]
[WhiteElo "2532"]
[BlackElo "2699"]
[PlyCount "60"]
[EventDate "2006.05.03"]
[EventType "swiss"]
[EventRounds "9"]
[EventCountry "AZE"]
[Source "ChessBase"]
[SourceDate "2006.07.14"]

1. d4 Nf6 2. c4 e6 3. Nc3 Bb4 4. Qc2 d5 5. cxd5 exd5 6. Bg5 c5 7. dxc5 h6 8.
Bh4 g5 9. Bg3 Ne4 10. e3 Qa5 11. Nge2 Bf5 12. Be5 O-O 13. Nd4 Re8 14. Bxb8 Nxc3
15. Nxf5 Ne4+ 16. Ke2 Qa6+ 17. Kd1 Qf6 18. f3 Qxf5 19. fxe4 dxe4 20. Bd6 Red8
21. Ke2 Rac8 22. Qa4 Rxc5 23. Qxb4 Rxd6 24. Ke1 a5 25. Qxb7 Rf6 26. Qb8+ Kg7
27. Qg3 Rc2 28. Be2 a4 29. b4 axb3 30. axb3 Qd5 0-1

[Event "Sarajevo Bosnia-A 36th"]
[Site "Sarajevo"]
[Date "2006.05.12"]
[Round "6"]
[White "Sasikiran, Krishnan"]
[Black "Nisipeanu, Liviu Dieter"]
[Result "0-1"]
[WhiteElo "2692"]
[BlackElo "2695"]
[PlyCount "134"]
[EventDate "2006.05.07"]
[EventType "tourn"]
[EventRounds "10"]
[EventCountry "BIH"]
[EventCategory "17"]
[Source "ChessBase"]
[SourceDate "2006.07.31"]

1. d4 Nf6 2. c4 e6 3. Nc3 Bb4 4. Qc2 O-O 5. a3 Bxc3+ 6. Qxc3 b5 7. cxb5 c6 8.
Bg5 cxb5 9. e3 h6 10. Bh4 Bb7 11. f3 Nc6 12. Nh3 Rc8 13. Qd2 g5 14. Bg3 Na5 15.
Rd1 Nb3 16. Qb4 Bd5 17. e4 Bc4 18. Bxc4 bxc4 19. Bd6 Re8 20. O-O Rc6 21. Bg3
Qb6 22. Be5 Nh5 23. Qxb6 Rxb6 24. d5 d6 25. Bc3 Nf4 26. Nxf4 gxf4 27. e5 dxe5
28. Bxe5 Rb5 29. a4 Rxd5 30. Bxf4 h5 31. Be3 Red8 32. Rde1 Ra5 33. g4 Rdd5 34.
Rf2 Rxa4 35. gxh5 Rxh5 36. Rg2+ Kf8 37. Rg4 a5 38. h4 f5 39. Rg2 Rxh4 40. Bg5
Rh3 41. Rxe6 Nd4 42. Rf6+ Ke8 43. Rd2 c3 44. Rxd4 Rxd4 45. bxc3 Rd5 46. Kg2 Rh7
47. Be3 Rc7 48. Bd4 Kd7 49. Kf2 Rc6 50. Rf7+ Ke8 51. Ra7 Re6 52. Kg3 Kd8 53.
Kf4 Kc8 54. Rf7 Ra6 55. Rf8+ Kb7 56. Rf7+ Kc8 57. Rf8+ Kd7 58. Bg7 a4 59. Rf7+
Ke8 60. Rf8+ Ke7 61. Rb8 a3 62. c4 Rd1 63. c5 a2 64. c6 Rc1 65. Rb7+ Ke6 66. c7
a1=Q 67. Bxa1 Raxa1 0-1

[Event "NED-ch"]
[Site "Hilversum"]
[Date "2006.06.24"]
[Round "7"]
[White "Van Wely, Loek"]
[Black "Timman, Jan H"]
[Result "1-0"]
[WhiteElo "2655"]
[BlackElo "2616"]
[PlyCount "87"]
[EventDate "2006.06.17"]
[EventType "tourn"]
[EventRounds "11"]
[EventCountry "NED"]
[EventCategory "13"]
[Source "ChessBase"]
[SourceDate "2006.07.31"]

1. d4 Nf6 2. c4 e6 3. Nc3 Bb4 4. Qc2 O-O 5. a3 Bxc3+ 6. Qxc3 b6 7. Nf3 Bb7 8.
e3 d6 9. Be2 Nbd7 10. O-O Ne4 11. Qc2 f5 12. b4 a5 13. Bb2 axb4 14. axb4 c5 15.
Rxa8 Bxa8 16. Ra1 cxb4 17. Qb3 Ndf6 18. Qxb4 Ng4 19. d5 e5 20. h3 Ngxf2 21. Rf1
g5 22. Rxf2 g4 23. Nxe5 dxe5 24. Bxe5 Nxf2 25. Kxf2 gxh3 26. gxh3 Qh4+ 27. Bg3
Qf6 28. Bf3 Rc8 29. Qb5 Bb7 30. Qd7 Qf7 31. Qd6 Qg6 32. Qe7 Qf7 33. Qg5+ Qg6
34. Qe7 Qf7 35. Qh4 Qg7 36. Qf4 b5 37. Qxf5 Qb2+ 38. Kg1 Qc1+ 39. Kg2 Qb2+ 40.
Kg1 Qc1+ 41. Kh2 Qxe3 42. Bg2 Rxc4 43. Be5 Qh6 44. d6 1-0

[Event "Turin ol (Men) 37th"]
[Site "Turin"]
[Date "2006.05.31"]
[Round "10"]
[White "Bareev, Evgeny"]
[Black "Efimenko, Zahar"]
[Result "1-0"]
[WhiteElo "2701"]
[BlackElo "2648"]
[PlyCount "83"]
[EventDate "2006.05.21"]
[EventType "team"]
[EventRounds "13"]
[EventCountry "ITA"]
[Source "ChessBase"]
[SourceDate "2006.07.31"]
[WhiteTeam "RUS"]
[BlackTeam "UKR"]
[WhiteTeamCountry "RUS"]
[BlackTeamCountry "UKR"]

1. d4 Nf6 2. c4 e6 3. Nc3 Bb4 4. Qc2 O-O 5. a3 Bxc3+ 6. Qxc3 b6 7. Bg5 Bb7 8.
e3 d6 9. Ne2 Nbd7 10. Qc2 c5 11. Rd1 Rc8 12. Nc3 cxd4 13. Rxd4 Rc5 14. Bh4 Qa8
15. Be2 d5 16. b4 Rcc8 17. O-O e5 18. Rd2 d4 19. exd4 Bxg2 20. Rfd1 exd4 21.
Rxd4 Bh3 22. Ne4 Nxe4 23. Qxe4 Qxe4 24. Rxe4 Rfe8 25. Rxe8+ Rxe8 26. Rd2 Re4
27. Bg3 g5 28. a4 f6 29. Bc7 Ne5 30. f3 Re3 31. Kf2 Rb3 32. b5 Rb4 33. Rd8+ Kf7
34. Ra8 Nxc4 35. Rxa7 Ke6 36. Bxc4+ Rxc4 37. a5 Rc2+ 38. Ke3 Bf1 39. axb6 f5
40. b7 f4+ 41. Bxf4 gxf4+ 42. Kxf4 1-0

[Event "GBR-ch 93rd"]
[Site "Swansea"]
[Date "2006.08.16"]
[Round "10"]
[White "Rowson, Jonathan"]
[Black "Gormally, Daniel"]
[Result "1-0"]
[WhiteElo "2579"]
[BlackElo "2513"]
[PlyCount "69"]
[EventDate "2006.08.07"]
[EventType "swiss"]
[EventRounds "11"]
[EventCountry "WLS"]
[Source "ChessBase"]
[SourceDate "2006.09.14"]

1. d4 Nf6 2. c4 e6 3. Nc3 Bb4 4. Qc2 d5 5. a3 Bxc3+ 6. Qxc3 Ne4 7. Qc2 Nc6 8.
e3 a5 9. Bd3 f5 10. Ne2 O-O 11. O-O Kh8 12. b3 Bd7 13. Bb2 Ne7 14. f3 Nd6 15.
a4 Ng6 16. Ba3 dxc4 17. bxc4 Qe8 18. c5 Bxa4 19. Qd2 Nb5 20. Bb2 Na7 21. Nc3
Bd7 22. Rxa5 Nc6 23. Rxa8 Qxa8 24. Nb5 Qd8 25. e4 Nce7 26. Bc4 Ng8 27. d5 exd5
28. exd5 Nf6 29. Rd1 Nh5 30. c6 Bc8 31. cxb7 Bxb7 32. Nd4 Nhf4 33. Ne6 Nxe6 34.
dxe6 Qh4 35. Qd7 1-0

[Event "Dresden ZMD op"]
[Site "Dresden"]
[Date "2006.08.12"]
[Round "8"]
[White "Moradiabadi, Elshan"]
[Black "Mchedlishvili, Mikheil"]
[Result "0-1"]
[WhiteElo "2502"]
[BlackElo "2561"]
[PlyCount "112"]
[EventDate "2006.08.05"]
[EventType "swiss"]
[EventRounds "9"]
[EventCountry "GER"]
[Source "ChessBase"]
[SourceDate "2006.09.14"]

1. d4 Nf6 2. c4 e6 3. Nc3 Bb4 4. Qc2 O-O 5. a3 Bxc3+ 6. Qxc3 d6 7. Nf3 b6 8. g3
Bb7 9. Bg2 Nbd7 10. O-O Be4 11. b4 Re8 12. Bb2 c6 13. Rfc1 Rc8 14. Bf1 d5 15.
Nd2 Bg6 16. e3 h5 17. Bd3 Nf8 18. Bxg6 Nxg6 19. Qd3 h4 20. Rc2 Qd7 21. Nf3 hxg3
22. hxg3 Qb7 23. c5 Ne4 24. Rac1 bxc5 25. dxc5 e5 26. Nd2 Nxd2 27. Qxd2 f6 28.
Qe2 Kf7 29. Qg4 Qe7 30. Kf1 Qe6 31. Qxe6+ Kxe6 32. Bc3 Rb8 33. a4 a6 34. Rb2
Rb7 35. Rcb1 Reb8 36. f3 Nf8 37. e4 d4 38. Be1 Nd7 39. Rc1 f5 40. Ke2 fxe4 41.
fxe4 Rh8 42. Kd3 Rh1 43. Kc4 Nf6 44. Re2 Rf1 45. Bd2 Rf3 46. Rg1 Ra3 47. a5 Nd5
48. Ree1 Nc3 49. Re3 dxe3 50. Bxc3 Ra2 51. Re1 Rf2 52. Rxe3 Rd7 53. Kb3 Rd1 54.
Kc4 g5 55. Be1 Rf1 56. Bc3 g4 0-1

[Event "Biel MTO op"]
[Site "Biel"]
[Date "2006.07.31"]
[Round "7"]
[White "Golod, Vitali"]
[Black "Alekseev, Evgeny"]
[Result "1/2-1/2"]
[WhiteElo "2576"]
[BlackElo "2644"]
[PlyCount "85"]
[EventDate "2006.07.24"]
[EventType "swiss"]
[EventRounds "11"]
[EventCountry "SUI"]
[Source "ChessBase"]
[SourceDate "2006.09.14"]

1. d4 e6 2. c4 Nf6 3. Nc3 Bb4 4. Qc2 O-O 5. a3 Bxc3+ 6. Qxc3 b6 7. Bg5 Bb7 8.
e3 d6 9. Ne2 Nbd7 10. Qd3 Ba6 11. Nc3 d5 12. Qc2 Bxc4 13. Bxc4 dxc4 14. Qa4 c5
15. Rd1 Qc8 16. O-O Qb7 17. Qxc4 Rfc8 18. Qe2 c4 19. e4 b5 20. f4 a5 21. e5 Nd5
22. f5 Nxc3 23. bxc3 Qd5 24. f6 gxf6 25. Bxf6 Nxf6 26. Rxf6 Rc7 27. Rdf1 b4 28.
Qh5 bxc3 29. Rxf7 Qxd4+ 30. Kh1 Rxf7 31. Qxf7+ Kh8 32. Qf6+ Kg8 33. Qf7+ Kh8
34. Qf6+ Kg8 35. Qxe6+ Kh8 36. Qf6+ Kg8 37. Qe6+ Kh8 38. Qe7 Qd8 39. Qf7 c2 40.
e6 Qg5 41. e7 Rg8 42. Qf2 Qxe7 43. Qxc2 1/2-1/2

[Event "Pardubice op-A"]
[Site "Pardubice"]
[Date "2006.07.26"]
[Round "6"]
[White "Zakhartsov, Vladimir"]
[Black "Gajewski, Grzegorz"]
[Result "1/2-1/2"]
[WhiteElo "2548"]
[BlackElo "2504"]
[PlyCount "44"]
[EventDate "2006.07.21"]
[EventType "swiss"]
[EventRounds "9"]
[EventCountry "CZE"]
[Source "ChessBase"]
[SourceDate "2006.09.14"]

1. d4 Nf6 2. c4 e6 3. Nc3 Bb4 4. Qc2 d5 5. a3 Bxc3+ 6. Qxc3 Ne4 7. Qc2 c5 8.
dxc5 Nc6 9. cxd5 exd5 10. Nf3 Bf5 11. b4 O-O 12. Bb2 Re8 13. Qb3 b6 14. cxb6
Qxb6 15. e3 a5 16. Be2 a4 17. Qd1 Nxf2 18. Kxf2 Rxe3 19. Kg3 Qc7+ 20. Kf2 Qb6
21. Kg3 Qc7+ 22. Kf2 Qb6 1/2-1/2

[Event "Sitges op 32nd"]
[Site "Sitges"]
[Date "2006.07.28"]
[Round "8"]
[White "Barsov, Alexei"]
[Black "Epishin, Vladimir"]
[Result "1/2-1/2"]
[WhiteElo "2546"]
[BlackElo "2555"]
[PlyCount "36"]
[EventDate "2006.07.21"]
[EventType "swiss"]
[EventRounds "9"]
[EventCountry "ESP"]
[Source "ChessBase"]
[SourceDate "2006.09.14"]

1. d4 Nf6 2. c4 e6 3. Nc3 Bb4 4. Qc2 d5 5. cxd5 Qxd5 6. Nf3 Qf5 7. Qxf5 exf5 8.
a3 Be7 9. Bf4 c6 10. e3 Be6 11. Nd2 Nbd7 12. Nc4 a5 13. Nd6+ Bxd6 14. Bxd6 Ne4
15. Nxe4 fxe4 16. f3 Bd5 17. Kf2 a4 18. Be2 Nb8 1/2-1/2

[Event "SVK-ch"]
[Site "Banska Stiavnica"]
[Date "2006.07.11"]
[Round "4"]
[White "Stohl, Igor"]
[Black "Markos, Jan"]
[Result "1/2-1/2"]
[WhiteElo "2558"]
[BlackElo "2526"]
[PlyCount "25"]
[EventDate "2006.07.08"]
[EventType "tourn"]
[EventRounds "9"]
[EventCountry "SVK"]
[EventCategory "9"]
[Source "ChessBase"]
[SourceDate "2006.09.14"]

1. d4 Nf6 2. c4 e6 3. Nc3 Bb4 4. Qc2 d5 5. cxd5 Qxd5 6. e3 c5 7. Bd2 Bxc3 8.
Bxc3 cxd4 9. Bxd4 Nc6 10. Bxf6 gxf6 11. Ne2 Bd7 12. Nc3 Nb4 13. Qe2 1/2-1/2

[Event "Kavala op"]
[Site "Kavala"]
[Date "2006.07.10"]
[Round "8"]
[White "Kotanjian, Tigran"]
[Black "Gelashvili, Tamaz"]
[Result "1/2-1/2"]
[WhiteElo "2515"]
[BlackElo "2575"]
[PlyCount "62"]
[EventDate "2006.07.04"]
[EventType "swiss"]
[EventRounds "9"]
[EventCountry "GRE"]
[Source "ChessBase"]
[SourceDate "2006.09.14"]

1. d4 Nf6 2. c4 e6 3. Nc3 Bb4 4. Qc2 O-O 5. a3 Bxc3+ 6. Qxc3 b6 7. Bg5 d6 8.
Qf3 c6 9. O-O-O Bb7 10. e4 c5 11. Bxf6 Qxf6 12. Qxf6 gxf6 13. d5 Rd8 14. h4 Kf8
15. Rh3 Na6 16. Ne2 Nc7 17. Nf4 Ke7 18. g4 Rg8 19. Be2 Bc8 20. Rg3 Bd7 21. g5
Ne8 22. Rdg1 fxg5 23. hxg5 e5 24. Nh5 Rg6 25. f4 h6 26. gxh6 Rxh6 27. fxe5 dxe5
28. Rg8 Rc8 29. R1g5 Kd6 30. Rf8 Ke7 31. Rfg8 Kd6 1/2-1/2

[Event "GRE-chT 35th"]
[Site "Ermioni"]
[Date "2006.07.03"]
[Round "1"]
[White "Azmaiparashvili, Zurab"]
[Black "Rozentalis, Eduardas"]
[Result "1/2-1/2"]
[WhiteElo "2669"]
[BlackElo "2605"]
[PlyCount "42"]
[EventDate "2006.07.03"]
[EventType "team"]
[EventRounds "9"]
[EventCountry "GRE"]
[Source "ChessBase"]
[SourceDate "2006.09.14"]

1. d4 Nf6 2. c4 e6 3. Nc3 Bb4 4. Qc2 d5 5. cxd5 Qxd5 6. Nf3 Qf5 7. Qb3 c5 8.
dxc5 Nc6 9. Bd2 Bxc5 10. h3 Ne5 11. Na4 Nxf3+ 12. exf3 Qe5+ 13. Be2 Bd4 14. Nc3
O-O 15. Nb5 Bb6 16. Na3 Ba5 17. Rd1 Bxd2+ 18. Rxd2 b6 19. O-O Nd5 20. Rfd1 Bb7
21. Bf1 Rac8 1/2-1/2

[Event "GRE-chT 35th"]
[Site "Ermioni"]
[Date "2006.07.03"]
[Round "1"]
[White "Navara, David"]
[Black "Gelashvili, Tamaz"]
[Result "1-0"]
[WhiteElo "2719"]
[BlackElo "2575"]
[PlyCount "63"]
[EventDate "2006.07.03"]
[EventType "team"]
[EventRounds "9"]
[EventCountry "GRE"]
[Source "ChessBase"]
[SourceDate "2006.09.14"]

1. d4 Nf6 2. c4 e6 3. Nc3 Bb4 4. Qc2 O-O 5. a3 Bxc3+ 6. Qxc3 d6 7. Bg5 b6 8. e3
Nbd7 9. Ne2 c5 10. Qc2 Bb7 11. dxc5 Nxc5 12. Nc3 Rc8 13. Rd1 d5 14. cxd5 exd5
15. Bd3 h6 16. Bh4 Nxd3+ 17. Qxd3 g5 18. Bg3 d4 19. Qf5 Re8 20. Be5 Rc5 21.
exd4 Qxd4 22. Rxd4 Rcxe5+ 23. Qxe5 Rxe5+ 24. Kd2 Bxg2 25. Rg1 Bf3 26. Rf4 Ne4+
27. Rxe4 Bxe4 28. Re1 Rd5+ 29. Nxd5 Bxd5 30. Re7 a5 31. Re8+ Kg7 32. Rb8 1-0

[Event "GRE-chT 35th"]
[Site "Ermioni"]
[Date "2006.07.05"]
[Round "3"]
[White "Azmaiparashvili, Zurab"]
[Black "Postny, Evgeny"]
[Result "1/2-1/2"]
[WhiteElo "2669"]
[BlackElo "2591"]
[PlyCount "109"]
[EventDate "2006.07.03"]
[EventType "team"]
[EventRounds "9"]
[EventCountry "GRE"]
[Source "ChessBase"]
[SourceDate "2006.09.14"]

1. d4 Nf6 2. c4 e6 3. Nc3 Bb4 4. Qc2 O-O 5. e4 d6 6. e5 Nfd7 7. exd6 cxd6 8.
Bd3 h6 9. Nge2 d5 10. O-O dxc4 11. Bxc4 Nb6 12. Bb3 N8d7 13. Bf4 Nf6 14. Rad1
Bd7 15. Rd3 Bc6 16. Qc1 Nh7 17. Rg3 Bd6 18. Rd1 Kh8 19. Be5 Bxe5 20. dxe5 Qc7
21. f4 Rfd8 22. Nd4 Bd5 23. Ndb5 Qc5+ 24. Qe3 Qxe3+ 25. Rxe3 Bxb3 26. Rxd8+
Rxd8 27. axb3 Rd2 28. Nd6 Rxb2 29. Nxf7+ Kg8 30. Nd8 Rxb3 31. Nxe6 Na4 32. Rg3
Nxc3 33. Rxg7+ Kh8 34. Rd7 Kg8 35. Rg7+ Kh8 36. Rc7 Kg8 37. g3 Rb6 38. f5 Ne4
39. Rc8+ Kf7 40. Rc7+ Kg8 41. h4 a5 42. Rc8+ Kf7 43. Rc7+ Kg8 44. g4 a4 45.
Rc8+ Kf7 46. Rc7+ Kg8 47. Rc8+ Kf7 48. Rh8 a3 49. Rxh7+ Kg8 50. Rg7+ Kh8 51.
Rf7 a2 52. Rf8+ Kh7 53. Rf7+ Kh8 54. Rf8+ Kh7 55. Rf7+ 1/2-1/2

[Event "GRE-chT 35th"]
[Site "Ermioni"]
[Date "2006.07.05"]
[Round "3"]
[White "Kharitonov, Alexandr"]
[Black "Sokolov, Andrei"]
[Result "1/2-1/2"]
[WhiteElo "2514"]
[BlackElo "2589"]
[PlyCount "39"]
[EventDate "2006.07.03"]
[EventType "team"]
[EventRounds "9"]
[EventCountry "GRE"]
[Source "ChessBase"]
[SourceDate "2006.09.14"]

1. d4 Nf6 2. c4 e6 3. Nc3 Bb4 4. Qc2 c5 5. dxc5 O-O 6. a3 Bxc5 7. Nf3 b6 8. Bf4
Bb7 9. Rd1 Nc6 10. e3 Be7 11. Be2 Rc8 12. Nb5 d5 13. Qb1 a6 14. Nc3 Na5 15.
cxd5 exd5 16. Be5 Nc4 17. Bd4 Qc7 18. Bd3 h6 19. O-O b5 20. Bf5 1/2-1/2

[Event "Odessa Geller mem"]
[Site "Odessa"]
[Date "2006.07.03"]
[Round "4"]
[White "Drozdovskij, Yuri"]
[Black "Beliavsky, Alexander G"]
[Result "1/2-1/2"]
[WhiteElo "2550"]
[BlackElo "2622"]
[PlyCount "51"]
[EventDate "2006.07.02"]
[EventType "tourn (rapid)"]
[EventRounds "9"]
[EventCountry "UKR"]
[EventCategory "12"]
[Source "ChessBase"]
[SourceDate "2006.09.14"]

1. d4 Nf6 2. c4 e6 3. Nc3 Bb4 4. Qc2 O-O 5. a3 Bxc3+ 6. Qxc3 b5 7. cxb5 c6 8.
Bg5 cxb5 9. e3 Bb7 10. f3 a6 11. Bd3 h6 12. Bh4 Nc6 13. Ne2 Ne4 14. Bxd8 Nxc3
15. Nxc3 Rfxd8 16. b4 d6 17. Kd2 Kf8 18. Rhb1 Rdb8 19. a4 bxa4 20. Rxa4 Bc8 21.
d5 Ne5 22. Be2 Rb6 23. Rba1 Nd7 24. Kc2 Rab8 25. dxe6 fxe6 26. Bxa6 1/2-1/2

[Event "EU-Cup 22nd"]
[Site "Feugen"]
[Date "2006.10.11"]
[Round "4"]
[White "Schlosser, Philipp"]
[Black "Prusikin, Michael"]
[Result "1/2-1/2"]
[WhiteElo "2554"]
[BlackElo "2560"]
[PlyCount "30"]
[EventDate "2006.10.08"]
[EventType "team"]
[EventRounds "7"]
[EventCountry "AUT"]
[Source "ChessBase"]
[SourceDate "2006.11.01"]

1. d4 Nf6 2. c4 e6 3. Nc3 Bb4 4. Qc2 d5 5. a3 Bxc3+ 6. Qxc3 Ne4 7. Qc2 c5 8.
dxc5 Nc6 9. Nf3 Qa5+ 10. Bd2 Qxc5 11. e3 Nxd2 12. Nxd2 dxc4 13. Bxc4 O-O 14.
Rc1 Rd8 15. O-O Qe7 1/2-1/2

[Event "EU-Cup 22nd"]
[Site "Feugen"]
[Date "2006.10.12"]
[Round "5"]
[White "Iljin, Artem"]
[Black "Kogan, Artur"]
[Result "1-0"]
[WhiteElo "2513"]
[BlackElo "2564"]
[PlyCount "63"]
[EventDate "2006.10.08"]
[EventType "team"]
[EventRounds "7"]
[EventCountry "AUT"]
[Source "ChessBase"]
[SourceDate "2006.11.01"]

1. d4 Nf6 2. c4 e6 3. Nc3 Bb4 4. Qc2 d5 5. a3 Bxc3+ 6. Qxc3 Ne4 7. Qc2 c5 8.
dxc5 Nc6 9. cxd5 exd5 10. Nf3 Bf5 11. b4 d4 12. g4 Bg6 13. Qc4 d3 14. Bg2 Qf6
15. Ra2 Ne5 16. g5 Nxc4 17. gxf6 Nc3 18. fxg7 Rg8 19. Ra1 Nxe2 20. Nd2 Nxd2 21.
Kxd2 O-O-O 22. Bb2 Nd4 23. Rae1 Nb3+ 24. Kc3 d2 25. Re7 Nd4 26. Rd1 Nb5+ 27.
Kc4 Bc2 28. Bxb7+ Kb8 29. Kxb5 a6+ 30. Kb6 Rd6+ 31. cxd6 Bxd1 32. d7 1-0